| 000 | 00975nam a22002777a 4500 | ||
|---|---|---|---|
| 001 | BR8901046 | ||
| 003 | BR-BrBNA | ||
| 005 | 20230928093150.0 | ||
| 007 | ta | ||
| 008 | 230509b bl.||||| |||| 00| 0 por d | ||
| 040 |
_aBR-BrBNA _bpor _cBiblioteca Nacional de Agricultura |
||
| 041 | _a(Por) | ||
| 072 |
_aF01 _b1890 _b3650 |
||
| 090 | _ 1890 BR8901046 | ||
| 100 | 1 | _aAbreu, C.L.M. de | |
| 110 | 1 |
_aEscola Superior de Agricultura Luiz de Queiroz, Piracicaba, SP (Brasil) _0Tese (Mestre em Agronomia) |
|
| 245 | 1 | _aEfeitos do ethephon (acido 2-cloro-etil-fosfonico)em maxixe Cucumis anguria L. | |
| 246 | 1 | _aEffects of ethephon (2-chloroethylphosphonic acid)on gherkin (Cucumis anguria L.) | |
| 260 | 3 |
_aPiracicaba, SP (Brasil): _c1988. |
|
| 300 | _a86 p. | ||
| 500 | _aBibliography p. 75-86 (86 ref.); Summaries (Eng, Por); 13 tables | ||
| 650 | _aMAXIXE | ||
| 650 | _aESTIMULANTE DE CRESCIMENTO VEGETAL | ||
| 909 |
_a202309 _bLucia _c55 _dLucia Elande |
||
| 942 | _cBK | ||
| 999 |
_c43369 _d43369 |
||